| 000 | 00606cab a2200181 4500 | ||
|---|---|---|---|
| 001 | ABS39748 | ||
| 008 | 090401t xxu||||| |||| 00| 0 eng d | ||
| 035 | _a(Sirsi) u18759 | ||
| 041 | _aeng | ||
| 245 | _aRecruitment salaries for surveyors | ||
| 350 | _a0 | ||
| 490 |
_aIDS Top Pay Unit Review _v91, 15-16(2) |
||
| 520 | _aSurveyors Appointments Services latest salary survey for 1988, including a table of basic salaries for surveyors in General Practice in the first six months of 1988. | ||
| 650 | _aABOUT RICS-RICS MEMBERS | ||
| 690 | _aPRACTICE AND TECHNIQUES | ||
| 942 | _n0 | ||
| 948 | _c04/03/1997 | ||
| 999 |
_c12486 _d12486 |
||